000 01477nam a2200217 a 4500
001 000022351
003 DO-SdBNP
005 20210627105436.0
008 101004s2000 xxua 001 0 spa d
020 _a0615114288
040 _aDO-SdBNP
_bspa
_cBNPHU
049 _aBNPD
100 1 _aArvelo Caamaño, Mario
_934656
245 1 3 _aLa primera tierra /
_cMario Arvelo Caamaño.
260 _aEstados Unidos :
_bSignature Book Printing,
_c2000.
300 _a288 p. :
_bil. ;
_c23 cm.
500 _aIncluye índice de nombres
500 _aIncluye referencias bibliográficas y notas al pie de las páginas
505 2 _aDomingo de ramos -- Un día espléndido -- Me he convertido en la muerte -- La dictadura balaguerista -- La rebelión de los colgados -- El culto de la personalidad -- El proceso electoral estadounidense -- El poder y la censura -- Qué es la cultura política? -- Paréntesis entre Balaguer y Balaguer -- Descanso para tres estadistas -- Aprés moi, le déluge -- Cartas a The Washington Post -- Cinco anillos entrelazados -- Prolongaciones -- Tormenta de sangre en la selva -- El castillo -- La guerra de las Malvinas -- Clic-clic-clic -- Un atajo a la santidad -- Un club peligroso -- El evangelio según San Joaquín -- Dos colosos asiáticos -- El principito -- Algunas mentiras -- Cultura política latinoamericana -- El servicio exterior dominicano -- Justicia macedonia -- La última ciudad -- La nueva tierra-- Gratitudes.
942 _2ddc
_cLBS1
999 _c21849
_d21849